000 01126nam a2200289 a 4500
003 BLK
005 20240704133843.0
007 ta
008 221104b bu |||||r|||| 00| | bu d
020 _a9789543994809
040 _aBLK
041 _aBUL
_cBUL
080 _9226698
_aАмериканска литература (на САЩ)
_b821.111(73)
_x-312.4
_z821.111(73)-312.4
084 _aП 28
100 _9377754
_aПатерсън, Джеймс
245 _aДетектив Алекс Крос
_cДжеймс Патерсън ; прев. от англ. Диана Кутева
260 _9390568
_aСофия
_bСББ Медиа
_c2023
300 _a244 с.
_c20 см
380 _aX
490 _9390836
_aКриминални шедьоври
500 _aОриг. загл.: Cross / James Patterson Кн. се разпространява с изд. на SBB Media
700 1 _aКутева, Диана Янакиева
_d1955 -
_985939
852 _aЦб 320925
_bЦб
856 _i0.00
_ldisable
942 _cKNG
_n0
944 _a30549
_cВася Ганчева
_k30560
_lГеновева Генчева
999 _c499554
_d499554